Seventienth Century English Literature / (Record no. 6873)
[ view plain ]
| 000 -LEADER | |
|---|---|
| fixed length control field | 00306cam a2200121ua 4500 |
| 082 ## - DEWEY DECIMAL CLASSIFICATION NUMBER | |
| Classification number | 828.09 |
| Item number | WED/SE |
| 100 ## - MAIN ENTRY--AUTHOR NAME | |
| Personal name | Wedywood, C V . |
| 245 ## - TITLE STATEMENT | |
| Title | Seventienth Century English Literature / |
| 250 ## - EDITION STATEMENT | |
| Edition statement | 1 / |
| 260 ## - PUBLICATION, DISTRIBUTION, ETC. (IMPRINT) | |
| Place of publication | London : |
| Name of publisher | Oxford University Press , |
| Year of publication | 1963. |
| 300 ## - PHYSICAL DESCRIPTION | |
| Number of Pages | 186 ; . |
| 942 ## - ADDED ENTRY ELEMENTS (KOHA) | |
| Koha item type | Books |
| Withdrawn status | Lost status | Damaged status | Home library | Current library | Date acquired | Full call number | Accession Number | Koha item type | Cost, normal purchase price | Public note |
|---|---|---|---|---|---|---|---|---|---|---|
| Withdrawn | KAUAET | Sanskrit University | 07/04/2012 | 828.09 | 5049 | Books | ||||
| Withdrawn | KAUAET | Sanskrit University | 07/04/2012 | 828.09 | 6615 | Books | 10.60 | Transferred to Sanskrit University |
